BEST & TAYLOR,S PHYSIOLOGICAL BASIS OF MEDICAL PRACTICE (Record no. 1777)
[ view plain ]
| 000 -LEADER | |
|---|---|
| fixed length control field | 00381nam a2200145Ia 4500 |
| 008 - FIXED-LENGTH DATA ELEMENTS--GENERAL INFORMATION | |
| fixed length control field | 150201s2012 xx 000 0 und d |
| 082 ## - DEWEY DECIMAL CLASSIFICATION NUMBER | |
| Classification number | 612 |
| Item number | B12T |
| 100 ## - MAIN ENTRY--PERSONAL NAME | |
| Personal name | TANDON, O.P. |
| 245 ## - TITLE STATEMENT | |
| Title | BEST & TAYLOR,S PHYSIOLOGICAL BASIS OF MEDICAL PRACTICE |
| 250 ## - EDITION STATEMENT | |
| Edition statement | 13TH |
| 260 ## - PUBLICATION, DISTRIBUTION, ETC. (IMPRINT) | |
| Name of publisher, distributor, etc. | WOLTERS KLUWER |
| Place of publication, distribution, etc. | INDIA |
| Date of publication, distribution, etc. | 2012 |
| 300 ## - PHYSICAL DESCRIPTION | |
| Extent | 1-1283 |
| 650 ## - SUBJECT ADDED ENTRY--TOPICAL TERM | |
| Topical term or geographic name as entry element | HUMAN PHYSIOLOGY |
| 942 ## - ADDED ENTRY ELEMENTS (KOHA) | |
| Source of classification or shelving scheme | Dewey Decimal Classification |
| Koha item type | Books |
| Koha issues (borrowed), all copies | 1 |
| Withdrawn status | Lost status | Source of classification or shelving scheme | Damaged status | Not for loan | Collection code | Home library | Current library | Shelving location | Date acquired | Source of acquisition | Cost, normal purchase price | SGTU | Bill Number | Total Checkouts | Full call number | Barcode | Date last seen | Bill Date | Koha item type | Date last checked out |
|---|---|---|---|---|---|---|---|---|---|---|---|---|---|---|---|---|---|---|---|---|
| Dewey Decimal Classification | MEDICAL | SGT Medical Library | SGT Medical Library | Text Book | 07/06/2014 | ABC DELHI | 1350.00 | SGTU | 4670 | 612 B12T | FM6046 | 09/02/2015 | 14/07/2014 | Books | ||||||
| Dewey Decimal Classification | MEDICAL | SGT Medical Library | SGT Medical Library | Text Book | 07/06/2014 | ABC DELHI | 1350.00 | SGTU | 4670 | 612 B12T | FM6047 | 09/02/2015 | 14/07/2014 | Books | ||||||
| Dewey Decimal Classification | MEDICAL | SGT Medical Library | SGT Medical Library | Text Book | 07/06/2014 | ABC DELHI | 1350.00 | SGTU | 4670 | 1 | 612 B12T | FM6048 | 09/12/2023 | 14/07/2014 | Books | 23/11/2023 | ||||
| Dewey Decimal Classification | MEDICAL | SGT Medical Library | SGT Medical Library | Text Book | 07/06/2014 | ABC DELHI | 1350.00 | SGTU | 4670 | 612 B12T | FM6049 | 09/02/2015 | 14/07/2014 | Books | ||||||
| Dewey Decimal Classification | MEDICAL | SGT Medical Library | SGT Medical Library | Text Book | 07/06/2014 | ABC DELHI | 1350.00 | SGTU | 4670 | 612 B12T | FM6050 | 09/02/2015 | 14/07/2014 | Books |